[Event "Kiel op 30th"]
[Site "Kiel"]
[Date "2017.07.31"]
[Round "5"]
[White "Sasaki, Yu"]
[Black "Schramm, Bernd"]
[Result "1-0"]
[WhiteElo "1723"]
[BlackElo "2036"]
[PlyCount "120"]
[EventDate "2017.07.29"]
[EventType "swiss"]
[EventRounds "9"]
[EventCountry "GER"]
[SourceTitle "EXT 2018"]
[Source "ChessBase"]
[SourceDate "2017.10.13"]
[SourceVersion "1"]
[SourceVersionDate "2017.10.13"]
[SourceQuality "1"]

1. e4 e5 2. Nf3 Nc6 3. Bc4 Nf6 4. d3 Be7 5. Be3 d5 6. exd5 Nxd5 7. Bxd5 Qxd5 8. Nc3 Qd8 9. h3 Be6 10. 0-0 0-0 11. Re1 f5 12. Bd2 Bf6 13. Qc1 Bf7 14. Ne2 Bd5 15. Nh2 Nd4 16. Nxd4 exd4 17. Bf4 c5 18. b3 b5 19. a4 a6 20. Be5 Bh4 21. Qf4 Qg5 22. Qxg5 Bxg5 23. Bd6 Rfe8 24. Bxc5 Rxe1+ 25. Rxe1 bxa4 26. bxa4 Bf6 27. Re2 Kf7 28. Nf1 Rc8 29. Bb6 Ba2 30. c4 dxc3 31. Rxa2 c2 32. Be3 c1Q 33. Bxc1 Rxc1 34. Ra3 a5 35. g3 Bc3 36. Kg2 Bb4 37. Ra2 Rd1 38. Ne3 Rxd3 39. Nxf5 Kf6 40. g4 h5 41. f3 hxg4 42. hxg4 g6 43. Ng3 Kg5 44. Ne2 Bd6 45. Rc2 Ra3 46. Rc6 Bb4 47. f4+ Kxg4 48. Rxg6+ Kf5 49. Rg5+ Kf6 50. Ng3 Rxa4 51. Rf5+ Ke6 52. Rb5 Bd6 53. f5+ Kf7 54. Nh5 Rh4 55. Rb7+ Be7 56. Ng3 a4 57. Kf3 a3 58. Ra7 Rc4 59. Ne4 Ke8 60. f6 Bxf6 1-0

[Event "Kiel op-A 27th"]
[Site "Kiel"]
[Date "2014.08.02"]
[Round "1"]
[White "Schramm, Bernd"]
[Black "Kiep, Fabian"]
[Result "1-0"]
[WhiteElo "2024"]
[BlackElo "1708"]
[PlyCount "123"]
[EventDate "2014.08.02"]
[EventType "swiss"]
[EventRounds "9"]
[EventCountry "GER"]
[SourceTitle "CBM 161 Extra"]
[Source "ChessBase"]
[SourceDate "2014.08.29"]
[SourceVersion "1"]
[SourceVersionDate "2014.08.29"]
[SourceQuality "1"]

1. e4 c5 2. Nf3 e6 3. d4 cxd4 4. Nxd4 a6 5. Be3 Qc7 6. a3 Nf6 7. Nc3 b5 8. Bd3 Bb7 9. 0-0 Be7 10. Qe2 d5 11. exd5 Nxd5 12. Nxd5 Bxd5 13. Rac1 Qb7 14. f3 0-0 15. c4 bxc4 16. Bxc4 Bxc4 17. Rxc4 Nd7 18. Rfc1 Rfc8 19. Nc6 Bf8 20. Qf2 Nf6 21. Qc2 Nd5 22. Bf2 h6 23. b4 Bd6 24. Na5 Rxc4 25. Qxc4 Qc7 26. Qxc7 Bxc7 27. Nc4 Kf8 28. Ne3 Bf4 29. Re1 Bxe3 30. Bxe3 Nxe3 31. Rxe3 Rc8 32. Kf2 Ke7 33. Rd3 Rc2+ 34. Kg3 f6 35. h4 g5 36. hxg5 hxg5 37. Rb3 f5 38. a4 Rc6 39. b5 axb5 40. Rxb5 Ra6 41. a5 Kd7 42. f4 g4 43. Kh4 Kc6 44. Re5 Kd6 45. Kg5 Ke7 46. Rb5 Ra8 47. Rb7+ Kd6 48. Rb6+ Ke7 49. a6 Rg8+ 50. Kh4 Rh8+ 51. Kg3 Kf6 52. Kf2 Rc8 53. a7 Rc2+ 54. Ke3 Ra2 55. Rb7 e5 56. Rb6+ Ke7 57. Rh6 e4 58. Rh8 Ra3+ 59. Kd2 e3+ 60. Ke2 Rxa7 61. Kxe3 Ra3+ 62. Kd4 1-0

[Event "Kiel op 21th"]
[Site "Kiel"]
[Date "2008.08.09"]
[Round "1"]
[White "Schramm, Bernd"]
[Black "Saglam, Karl Heinz"]
[Result "0-1"]
[WhiteElo "2115"]
[BlackElo "1949"]
[PlyCount "44"]
[EventDate "2008.08.09"]
[EventType "swiss"]
[EventRounds "9"]
[EventCountry "GER"]
[SourceTitle "EXT 2009"]
[Source "ChessBase"]
[SourceDate "2008.11.26"]
[SourceVersion "1"]
[SourceVersionDate "2008.11.26"]
[SourceQuality "1"]

1. e4 c5 2. c3 g6 3. d4 Bg7 4. Nf3 Nf6 5. e5 Nd5 6. dxc5 Nc7 7. Bc4 a5 8. b4 0-0 9. Bf4 axb4 10. cxb4 Nc6 11. Qd2 Na6 12. Bxa6 bxa6 13. Na3 d6 14. Rd1 Bg4 15. exd6 Bxf3 16. gxf3 Nd4 17. Qd3 Re8 18. 0-0 e5 19. Bd2 Qh4 20. Nc2 e4 21. fxe4 Qg4+ 22. Qg3 Ne2+ 0-1

[Event "Schleswig Holstein-ch Seniors op"]
[Site "Eckernfoerde"]
[Date "2007.10.01"]
[Round "6"]
[White "Lomer, Edmund"]
[Black "Schramm, Bernd"]
[Result "1/2-1/2"]
[WhiteElo "2135"]
[BlackElo "2098"]
[PlyCount "66"]
[EventDate "2007.09.26"]
[EventType "swiss"]
[EventRounds "7"]
[EventCountry "GER"]
[SourceTitle "EXT 2008"]
[Source "ChessBase"]
[SourceDate "2007.11.25"]
[SourceVersion "1"]
[SourceVersionDate "2007.11.25"]
[SourceQuality "1"]

1. Nf3 Nf6 2. g3 e6 3. Bg2 d5 4. d4 c5 5. 0-0 Nc6 6. c4 dxc4 7. dxc5 Qxd1 8. Rxd1 Bxc5 9. Nbd2 c3 10. bxc3 0-0 11. Nb3 Be7 12. Nfd4 Bd7 13. Bg5 Rac8 14. Nb5 Rfd8 15. Rab1 e5 16. Nd6 Bxd6 17. Rxd6 Bg4 18. Rxd8+ Nxd8 19. h3 Bf5 20. Rd1 h6 21. Bxf6 gxf6 22. g4 Be6 23. Be4 Kf8 24. Rd3 Ke7 25. Kg2 b6 26. Kg3 Bc4 27. Re3 Ne6 28. Bf5 Rc7 29. Bxe6 fxe6 30. Kh4 Kf7 31. Kg3 Rd7 32. Re4 Bd5 33. Re3 Bc4 1/2-1/2

[Event "Schleswig Holstein-ch Seniors op"]
[Site "Eckernfoerde"]
[Date "2007.09.30"]
[Round "5"]
[White "Schramm, Bernd"]
[Black "Hamm, Georg"]
[Result "1/2-1/2"]
[WhiteElo "2098"]
[BlackElo "2153"]
[PlyCount "44"]
[EventDate "2007.09.26"]
[EventType "swiss"]
[EventRounds "7"]
[EventCountry "GER"]
[SourceTitle "EXT 2008"]
[Source "ChessBase"]
[SourceDate "2007.11.25"]
[SourceVersion "1"]
[SourceVersionDate "2007.11.25"]
[SourceQuality "1"]

1. e4 g6 2. d4 c6 3. Nc3 Bg7 4. f4 d5 5. e5 h5 6. Nf3 Bg4 7. Be3 Nh6 8. h3 Bxf3 9. Qxf3 Nf5 10. Bf2 h4 11. Bd3 e6 12. 0-0 Nd7 13. Ne2 Bf8 14. b3 Be7 15. c4 Rc8 16. c5 b6 17. b4 0-0 18. Kh2 Re8 19. Rg1 Nf8 20. b5 Qc7 21. cxb6 Qxb6 22. bxc6 Qxc6 1/2-1/2

[Event "Schleswig Holstein-ch Seniors op"]
[Site "Eckernfoerde"]
[Date "2007.09.28"]
[Round "3"]
[White "Schramm, Bernd"]
[Black "Meier, Wolfgang"]
[Result "1-0"]
[WhiteElo "2098"]
[BlackElo "2198"]
[PlyCount "57"]
[EventDate "2007.09.26"]
[EventType "swiss"]
[EventRounds "7"]
[EventCountry "GER"]
[SourceTitle "EXT 2008"]
[Source "ChessBase"]
[SourceDate "2007.11.25"]
[SourceVersion "1"]
[SourceVersionDate "2007.11.25"]
[SourceQuality "1"]

1. e4 c5 2. c3 d5 3. exd5 Qxd5 4. d4 Nf6 5. Nf3 Bg4 6. Be2 e6 7. h3 Bh5 8. c4 Qd8 9. Be3 cxd4 10. Nxd4 Bxe2 11. Qxe2 Bb4+ 12. Nd2 0-0 13. 0-0 Nbd7 14. Rfd1 a6 15. a3 Bc5 16. b4 Bxd4 17. Bxd4 Qc7 18. Nf3 Rac8 19. Rac1 Rfe8 20. Ne5 Nf8 21. c5 Red8 22. Nc4 Qf4 23. Be5 Rxd1+ 24. Rxd1 Qg5 25. Nd6 Rc7 26. Bxf6 gxf6 27. Qf3 Ng6 28. Ne4 Nh4 29. Nxg5 1-0

[Event "Schleswig Holstein-ch Seniors 62nd"]
[Site "Itzehoe"]
[Date "2007.04.02"]
[Round "3"]
[White "Lund, Hans Hermann"]
[Black "Schramm, Bernd"]
[Result "0-1"]
[WhiteElo "1726"]
[BlackElo "1998"]
[PlyCount "72"]
[EventDate "2007.03.31"]
[EventType "swiss"]
[EventRounds "9"]
[EventCountry "GER"]
[SourceTitle "EXT 2010"]
[Source "ChessBase"]
[SourceDate "2010.11.25"]
[SourceVersion "1"]
[SourceVersionDate "2010.11.25"]
[SourceQuality "1"]

1. Nf3 Nf6 2. Nc3 c5 3. e4 d6 4. d3 Nc6 5. Be2 g6 6. 0-0 Bg7 7. Rb1 0-0 8. Bf4 a6 9. Qd2 Re8 10. d4 cxd4 11. Nxd4 Nxe4 12. Nxe4 Nxd4 13. Bd3 Bd7 14. Bh6 Rc8 15. Bxg7 Kxg7 16. Bxa6 Nf3+ 17. gxf3 bxa6 18. b3 Bf5 19. c4 Rc6 20. Rb2 Qc8 21. Re1 Rd8 22. Ng3 Be6 23. Qd4+ Kg8 24. Qh4 Rd7 25. Ne4 h5 26. Ng5 Bf5 27. Rbe2 e6 28. Ne4 Bxe4 29. fxe4 Qd8 30. Qxd8+ Rxd8 31. Rd1 Kf8 32. h4 Ke7 33. Kg2 Rb8 34. f4 a5 35. Rb2 Rxc4 36. Kf3 Rc3+ 0-1

[Event "EU-chT Seniors 09th"]
[Site "Dresden"]
[Date "2007.02.22"]
[Round "7"]
[White "Schroeder, Christian"]
[Black "Schramm, Bernd"]
[Result "0-1"]
[WhiteElo "2036"]
[BlackElo "2109"]
[PlyCount "90"]
[EventDate "2007.02.16"]
[EventType "team-swiss"]
[EventRounds "9"]
[EventCountry "GER"]
[SourceTitle "CBM 117 Extra"]
[Source "ChessBase"]
[SourceDate "2007.05.09"]
[SourceVersion "1"]
[SourceVersionDate "2007.05.09"]
[SourceQuality "1"]

1. d4 Nf6 2. c4 e6 3. Nf3 Bb4+ 4. Nbd2 b6 5. g3 Bb7 6. Bg2 0-0 7. 0-0 c5 8. dxc5 Bxc5 9. a3 Qc7 10. b4 Be7 11. Bb2 a5 12. Qb3 Na6 13. Be5 d6 14. Bxf6 Bxf6 15. Rab1 axb4 16. axb4 d5 17. Rfc1 dxc4 18. Nxc4 Rac8 19. Qe3 Rb8 20. Nxb6 Qe7 21. Rd1 Rfd8 22. b5 Rxd1+ 23. Rxd1 Nc5 24. Rc1 Ne4 25. Nd4 Bxd4 26. Qxd4 f5 27. Qe5 Qd6 28. Qxd6 Nxd6 29. Nd7 Rc8 30. Rxc8+ Bxc8 31. Nb6 Bb7 32. Bxb7 Nxb7 33. Nc4 Kf8 34. f4 Ke7 35. Kf2 Nd6 36. Nxd6 Kxd6 37. Ke3 Kc5 38. h3 Kxb5 39. g4 Kc5 40. Kd3 Kd5 41. e4+ fxe4+ 42. Ke3 g6 43. h4 h5 44. g5 e5 45. f5 gxf5 0-1

[Event "EU-ch Seniors 06th"]
[Site "Davos"]
[Date "2006.08.09"]
[Round "5"]
[White "Kaminik, Aleksandar"]
[Black "Schramm, Bernd"]
[Result "1-0"]
[WhiteElo "2226"]
[BlackElo "2123"]
[PlyCount "95"]
[EventDate "2006.08.05"]
[EventType "swiss"]
[EventRounds "9"]
[EventCountry "SUI"]
[SourceTitle "CBM 113 Extra"]
[Source "ChessBase"]
[SourceDate "2006.09.14"]
[SourceVersion "1"]
[SourceVersionDate "2006.09.14"]
[SourceQuality "1"]

1. d4 Nf6 2. c4 e6 3. Nc3 Bb4 4. e3 0-0 5. Nge2 d5 6. a3 Be7 7. Nf4 c6 8. Bd3 Nbd7 9. cxd5 exd5 10. 0-0 Re8 11. b4 Bd6 12. Nce2 Nf8 13. Ng3 Ng6 14. Nfh5 Ne4 15. f3 Nxg3 16. hxg3 f5 17. Kf2 Qg5 18. e4 f4 19. Nxf4 Nxf4 20. Bxf4 Bxf4 21. gxf4 Qxf4 22. g3 Qf7 23. e5 Bf5 24. Qc2 Bxd3 25. Qxd3 Re6 26. f4 Rf8 27. Kg2 Rh6 28. Rh1 Rxh1 29. Rxh1 g6 30. Rf1 Qe6 31. Qf3 h5 32. Qd3 Kg7 33. Rh1 Qd7 34. Qe2 Qf5 35. Rc1 h4 36. Rf1 hxg3 37. Kxg3 Rh8 38. Qg4 Qd3+ 39. Rf3 Qxd4 40. Qd7+ Kg8 41. Qe6+ Kg7 42. Qf6+ Kg8 43. Qxg6+ Kf8 44. Qf6+ Kg8 45. Kg4 Qe4 46. e6 Rh7 47. Qd8+ Kg7 48. Qe7+ 1-0

[Event "Kiel op-A 19th"]
[Site "Kiel"]
[Date "2006.07.28"]
[Round "9"]
[White "Schramm, Bernd"]
[Black "Bernhardt, Gerd"]
[Result "1-0"]
[WhiteElo "2123"]
[BlackElo "1966"]
[PlyCount "91"]
[EventDate "2006.07.22"]
[EventType "swiss"]
[EventRounds "9"]
[EventCountry "GER"]
[SourceTitle "CBM 113 Extra"]
[Source "ChessBase"]
[SourceDate "2006.09.14"]
[SourceVersion "1"]
[SourceVersionDate "2006.09.14"]
[SourceQuality "1"]

1. Nf3 d5 2. d4 Nf6 3. g3 c5 4. c3 e6 5. Bg2 Nc6 6. 0-0 cxd4 7. cxd4 Be7 8. Nc3 0-0 9. Bf4 a6 10. h3 b5 11. Rc1 Bb7 12. Ne5 Rc8 13. Nxc6 Bxc6 14. a3 Qd7 15. e3 b4 16. axb4 Bxb4 17. Be5 Qe7 18. g4 Bxc3 19. Rxc3 Bb5 20. Rxc8 Rxc8 21. Re1 Nd7 22. Bg3 Qb4 23. e4 dxe4 24. Bxe4 Qxb2 25. d5 Qc3 26. dxe6 fxe6 27. Bb7 Re8 28. Re3 Qf6 29. Bd5 Nf8 30. Bb3 Kh8 31. Be5 Qe7 32. Qe1 h6 33. Bb2 Qd7 34. f4 Qa7 35. Kh2 Ng6 36. f5 Qb8+ 37. Qg3 Qxg3+ 38. Kxg3 exf5 39. Rxe8+ Bxe8 40. gxf5 Ne7 41. f6 Nf5+ 42. Kf4 gxf6 43. Kxf5 Kh7 44. Kxf6 Bg6 45. Bg8+ Kxg8 46. Kxg6 1-0

[Event "Kiel op-A 19th"]
[Site "Kiel"]
[Date "2006.07.24"]
[Round "5"]
[White "Schramm, Bernd"]
[Black "Langmann, Claus"]
[Result "1-0"]
[WhiteElo "2123"]
[BlackElo "1981"]
[PlyCount "85"]
[EventDate "2006.07.22"]
[EventType "swiss"]
[EventRounds "9"]
[EventCountry "GER"]
[SourceTitle "CBM 113 Extra"]
[Source "ChessBase"]
[SourceDate "2006.09.14"]
[SourceVersion "1"]
[SourceVersionDate "2006.09.14"]
[SourceQuality "1"]

1. d4 d5 2. Nf3 e6 3. g3 Nf6 4. Bg2 Bd6 5. 0-0 Nbd7 6. b3 c6 7. c4 Ne4 8. Bb2 0-0 9. Nbd2 f5 10. Rc1 Qf6 11. Qc2 Qh6 12. e3 Ndf6 13. Ne5 Bd7 14. c5 Bc7 15. a3 g5 16. f3 Nxd2 17. Qxd2 Be8 18. Rce1 Bh5 19. e4 f4 20. Bc1 Bxe5 21. dxe5 Nd7 22. exd5 cxd5 23. b4 Rac8 24. Bb2 Bg6 25. Rf2 Qg7 26. Rc1 Qf7 27. Qd4 a6 28. a4 Qf5 29. Bf1 fxg3 30. hxg3 Rc7 31. Kg2 h5 32. Qe3 g4 33. fxg4 Qe4+ 34. Qxe4 Bxe4+ 35. Kg1 Rxf2 36. Kxf2 hxg4 37. Be2 Bf5 38. Bd4 Nb8 39. b5 Kg7 40. Ke3 axb5 41. axb5 Nd7 42. c6 Nb8 43. Ba7 1-0

[Event "Gibraltar Masters"]
[Site "Gibraltar"]
[Date "2006.02.01"]
[Round "9"]
[White "Sbia, Bachir"]
[Black "Schramm, Bernd"]
[Result "0-1"]
[WhiteElo "1989"]
[BlackElo "2126"]
[PlyCount "124"]
[EventDate "2006.01.24"]
[EventType "swiss"]
[EventRounds "10"]
[EventCountry "ENG"]
[SourceTitle "CBM 110 Extra"]
[Source "ChessBase"]
[SourceDate "2006.03.10"]
[SourceVersion "2"]
[SourceVersionDate "2006.03.10"]
[SourceQuality "1"]

1. e4 e5 2. Nc3 Nf6 3. f4 d5 4. fxe5 Nxe4 5. Nf3 Be7 6. Qe2 Nxc3 7. dxc3 c5 8. Bf4 Be6 9. 0-0-0 g5 10. Bg3 Nd7 11. h4 g4 12. Nh2 h5 13. Qf2 Qa5 14. Kb1 Nb6 15. Bd3 0-0-0 16. Bf5 Na4 17. Ka1 Rhf8 18. Bxe6+ fxe6 19. Qe3 c4 20. b4 cxb3 21. cxb3 Nxc3 22. Qd2 Bb4 23. Rc1 Kb8 24. Be1 d4 25. Rf1 Rxf1 26. Nxf1 Nxa2 27. Qxa2 Bxe1 28. Qxa5 Bxa5 29. Ng3 d3 30. Kb2 Rd5 31. Rd1 d2 32. Nxh5 Rxe5 33. Nf6 Re2 34. g3 Re3 35. Nxg4 Rxg3 36. Nf2 Rg2 37. Nd3 Rh2 38. b4 Bb6 39. Kc2 Be3 40. h5 Rxh5 41. Rf1 Rh8 42. Nb2 e5 43. Nd1 Bf4 44. Rf3 Rc8+ 45. Kd3 Rc1 46. Rf1 Kc7 47. Rg1 Kb6 48. Ke2 Kb5 49. Rg7 Kb6 50. Rg6+ Rc6 51. Rg7 Rc7 52. Rxc7 Kxc7 53. Kd3 Kc6 54. Nc3 a6 55. Ke4 b6 56. Kd3 a5 57. bxa5 bxa5 58. Kc4 e4 59. Kd4 e3 60. Kd3 Kc5 61. Ke2 Kc4 62. Na4 Kb3 0-1

[Event "Gibraltar Masters"]
[Site "Gibraltar"]
[Date "2006.01.24"]
[Round "1"]
[White "Schramm, Bernd"]
[Black "Villena Perez, Jorge"]
[Result "1-0"]
[WhiteElo "2126"]
[BlackElo "1915"]
[PlyCount "83"]
[EventDate "2006.01.24"]
[EventType "swiss"]
[EventRounds "10"]
[EventCountry "ENG"]
[SourceTitle "CBM 110 Extra"]
[Source "ChessBase"]
[SourceDate "2006.03.10"]
[SourceVersion "2"]
[SourceVersionDate "2006.03.10"]
[SourceQuality "1"]

1. e4 e6 2. d4 d5 3. Nc3 Nf6 4. e5 Nfd7 5. Nce2 c5 6. c3 Nc6 7. Nf3 cxd4 8. cxd4 Be7 9. Nc3 a6 10. Bd3 Qb6 11. Na4 Qc7 12. 0-0 Nb6 13. Nc3 Bd7 14. Be3 f6 15. Rc1 0-0 16. Qe2 Be8 17. h3 Nd7 18. Bf4 fxe5 19. Bxe5 Ndxe5 20. dxe5 Bh5 21. g4 Be8 22. Kg2 Qa5 23. a3 Qd8 24. Rfe1 Bg5 25. Rcd1 Rc8 26. Bb1 Rc7 27. Ba2 Bf7 28. Bb1 Be8 29. Ba2 Bf7 30. Kg3 Be8 31. Nxd5 Rd7 32. Nxg5 Qxg5 33. f4 Qh6 34. g5 Qg6 35. Nc3 Qf5 36. Qe4 Kh8 37. Qxf5 exf5 38. Rxd7 Bxd7 39. Rd1 Bc8 40. Rd6 Re8 41. Na4 g6 42. Nb6 1-0

[Event "Hamburg Junge op"]
[Site "Hamburg"]
[Date "2005.10.06"]
[Round "6"]
[White "Schramm, Bernd"]
[Black "Glienke, Manfred"]
[Result "1/2-1/2"]
[WhiteElo "2124"]
[BlackElo "2327"]
[PlyCount "100"]
[EventDate "2005.10.01"]
[EventType "swiss"]
[EventRounds "9"]
[EventCountry "GER"]
[SourceTitle "CBM 108 Extra"]
[Source "ChessBase"]
[SourceDate "2005.11.04"]
[SourceVersion "1"]
[SourceVersionDate "2005.11.04"]
[SourceQuality "1"]

1. e4 e6 2. d4 c5 3. Nf3 d5 4. exd5 exd5 5. Bb5+ Nc6 6. Qe2+ Qe7 7. Qxe7+ Bxe7 8. Ne5 Bd7 9. Nxd7 Kxd7 10. dxc5 Bxc5 11. 0-0 Nge7 12. c4 a6 13. Bxc6+ Kxc6 14. cxd5+ Nxd5 15. Bd2 Bd4 16. Nc3 Bxc3 17. Bxc3 Nxc3 18. Rac1 Rac8 19. Rxc3+ Kb6 20. Rfc1 Rxc3 21. Rxc3 Rd8 22. g3 Rd2 23. Rb3+ Kc6 24. a3 b5 25. Rc3+ Kd7 26. b4 Ra2 27. Kg2 g6 28. h4 h5 29. Kf3 Kd6 30. Ke3 Ra1 31. Kf4 Ra2 32. f3 f6 33. Rd3+ Ke6 34. g4 hxg4 35. fxg4 Rf2+ 36. Kg3 Rc2 37. h5 gxh5 38. gxh5 Rc1 39. Kh4 Rc4+ 40. Kg3 Rc1 41. Rf3 Ke5 42. Kg4 Rc4+ 43. Kg3 f5 44. h6 Rc6 45. Re3+ Kd4 46. h7 Rh6 47. Re7 Kc4 48. Ra7 Kb3 49. Rxa6 Rxh7 50. Kf4 Rf7 1/2-1/2

[Event "Hamburg Junge op"]
[Site "Hamburg"]
[Date "2005.10.02"]
[Round "2"]
[White "Schramm, Bernd"]
[Black "Reddmann, Hauke"]
[Result "1/2-1/2"]
[WhiteElo "2124"]
[BlackElo "2319"]
[PlyCount "76"]
[EventDate "2005.10.01"]
[EventType "swiss"]
[EventRounds "9"]
[EventCountry "GER"]
[SourceTitle "CBM 108 Extra"]
[Source "ChessBase"]
[SourceDate "2005.11.04"]
[SourceVersion "1"]
[SourceVersionDate "2005.11.04"]
[SourceQuality "1"]

1. e4 c5 2. c3 Nf6 3. e5 Nd5 4. Nf3 e6 5. Bc4 d6 6. d4 Nc6 7. 0-0 cxd4 8. cxd4 Be7 9. Qe2 Nb6 10. Bb3 d5 11. Nc3 Bd7 12. a3 Rc8 13. Rd1 a6 14. Bc2 Na7 15. Bd3 Na4 16. Nxa4 Bxa4 17. Re1 Bb5 18. Be3 Bxd3 19. Qxd3 0-0 20. Rec1 Re8 21. Rxc8 Qxc8 22. Rc1 Qd7 23. Bg5 Bf8 24. Bd2 h6 25. g4 Rc8 26. Rc3 Rxc3 27. Bxc3 Be7 28. Kf1 Qa4 29. h3 Nc6 30. Ne1 Bg5 31. Qc2 Qc4+ 32. Qd3 b5 33. Ke2 a5 34. Nc2 Qb3 35. Na1 Qc4 36. b3 Qxd3+ 37. Kxd3 Bc1 38. Nc2 Kf8 1/2-1/2

[Event "Hamburg Junge op"]
[Site "Hamburg"]
[Date "2005.10.01"]
[Round "1"]
[White "Zehner, Birte"]
[Black "Schramm, Bernd"]
[Result "1/2-1/2"]
[WhiteElo "1629"]
[BlackElo "2124"]
[PlyCount "84"]
[EventDate "2005.10.01"]
[EventType "swiss"]
[EventRounds "9"]
[EventCountry "GER"]
[SourceTitle "CBM 108 Extra"]
[Source "ChessBase"]
[SourceDate "2005.11.04"]
[SourceVersion "1"]
[SourceVersionDate "2005.11.04"]
[SourceQuality "1"]

1. e4 e6 2. d4 c5 3. c3 d5 4. exd5 exd5 5. Nf3 Nc6 6. Be2 Bd6 7. Be3 cxd4 8. Nxd4 Nge7 9. Nd2 0-0 10. N2f3 Bg4 11. Qc2 Bh5 12. 0-0-0 Rc8 13. a3 Bg6 14. Bd3 Qa5 15. Bxg6 Nxg6 16. Nb3 Qb5 17. h4 Nge5 18. Ng5 f5 19. Ne6 Rf6 20. Ned4 Nxd4 21. Bxd4 Rf7 22. h5 a5 23. Rhe1 Nc4 24. Nd2 Nxa3 25. Qb3 Qxb3 26. Nxb3 Nc4 27. Re6 a4 28. Nd2 Re7 29. Rxe7 Bxe7 30. Nf3 b5 31. Ne5 a3 32. b3 Na5 33. Kc2 b4 34. Rd3 Nc6 35. Nxc6 Rxc6 36. Kb1 Kf7 37. cxb4 Bxb4 38. Re3 g6 39. Re5 Re6 40. Rxd5 Re1+ 41. Ka2 Rd1 42. Rd8 Rd2+ 1/2-1/2

[Event "EU-ch Seniors 05th"]
[Site "Bad Homburg"]
[Date "2005.??.??"]
[Round "4"]
[White "Schramm, Bernd"]
[Black "Schwabe, Manfred"]
[Result "1-0"]
[WhiteElo "2124"]
[BlackElo "1942"]
[PlyCount "43"]
[EventDate "2005.06.25"]
[EventType "swiss"]
[EventRounds "9"]
[EventCountry "GER"]
[SourceTitle "EXT 2006"]
[Source "ChessBase"]
[SourceDate "2005.11.24"]
[SourceVersion "1"]
[SourceVersionDate "2005.11.24"]
[SourceQuality "1"]

1. e4 e6 2. d4 d5 3. Nd2 dxe4 4. Nxe4 Nf6 5. Bg5 Be7 6. Bxf6 Bxf6 7. Nf3 Nc6 8. c3 Bd7 9. Bd3 g6 10. Qe2 0-0 11. h4 h5 12. Nfg5 Kg7 13. 0-0-0 a5 14. f4 Qe7 15. g4 hxg4 16. h5 Rh8 17. hxg6 Bxg5 18. fxg5 fxg6 19. Nf6 Rxh1 20. Rxh1 Rh8 21. Rxh8 Kxh8 22. Qh2+ 1-0

[Event "EU-ch Seniors 05th"]
[Site "Bad Homburg"]
[Date "2005.??.??"]
[Round "5"]
[White "Staller, Peter"]
[Black "Schramm, Bernd"]
[Result "1-0"]
[WhiteElo "2284"]
[BlackElo "2124"]
[PlyCount "57"]
[EventDate "2005.06.25"]
[EventType "swiss"]
[EventRounds "9"]
[EventCountry "GER"]
[SourceTitle "EXT 2006"]
[Source "ChessBase"]
[SourceDate "2005.11.24"]
[SourceVersion "1"]
[SourceVersionDate "2005.11.24"]
[SourceQuality "1"]

1. e4 c5 2. Nf3 Nc6 3. Bb5 g6 4. 0-0 Bg7 5. c3 Qb6 6. Na3 e6 7. Nc4 Qc7 8. Bxc6 bxc6 9. e5 Ne7 10. Nd6+ Kf8 11. d4 cxd4 12. cxd4 Nf5 13. Ne4 h6 14. b3 Kg8 15. Ba3 Ba6 16. Re1 Bf8 17. Bxf8 Rxf8 18. Qd2 Ne7 19. h4 Nd5 20. Rac1 Kg7 21. Rc5 Rb8 22. Nh2 f5 23. exf6+ Nxf6 24. Nxf6 Kxf6 25. d5 Qd6 26. Qc3+ e5 27. Ng4+ Kg7 28. Rxe5 Kh7 29. Qe3 1-0